Color the Country Flag - Interactive Quiz - Statistics

General Stats
  • This quiz has been taken 108 times
  • The average score is 9 of 20
Answers on the Map
Answers color-coded by a green-red scale on the quiz's map according to % correct below.
 
Answer Stats
Flag % Correct
Canada
97%
Palau
81%
Italy
77%
Bahrain
59%
Yemen
59%
Cyprus
58%
Philippines
56%
United Kingdom
53%
Estonia
52%
Angola
48%
Cuba
44%
Maldives
44%
Malawi
33%
North Korea
28%
Papua New Guinea
23%
Seychelles
19%
Guyana
14%
Grenada
9%
Kiribati
9%
Kenya
6%
No matching quizzes found
Score Distribution
Percent of People with Each Score
Percentile by Number Answered
Your Score History
You have not taken this quiz